The pocket Bible commentary / (Record no. 5607)

MARC details
000 -LEADER
fixed length control field 00942cam a2200241Ia 4500
001 - CONTROL NUMBER
control field 25261
003 - CONTROL NUMBER IDENTIFIER
control field GBCCL
005 - DATE AND TIME OF LATEST TRANSACTION
control field 20241126110545.0
008 - FIXED-LENGTH DATA ELEMENTS--GENERAL INFORMATION
fixed length control field 890405q19001989nbu 000 0 eng d
035 ## - SYSTEM CONTROL NUMBER
System control number (OCoLC)19496919
040 ## - CATALOGING SOURCE
Original cataloging agency DTM
Transcribing agency DTM
049 ## -
-- LBBK
-- 1-10
082 ## - DEWEY DECIMAL CLASSIFICATION NUMBER
Classification number 220.7
Item number HEN
092 ## - LOCALLY ASSIGNED DEWEY CALL NUMBER (OCLC)
Item number H523p
100 1# - MAIN ENTRY--PERSONAL NAME
Personal name Henry, Matthew,
Dates associated with a name 1662-1714.
9 (RLIN) 1752
245 14 - TITLE STATEMENT
Title The pocket Bible commentary /
Statement of responsibility, etc. by Matthew Henry, Thomas Scott and others.
260 ## - PUBLICATION, DISTRIBUTION, ETC.
Place of publication, distribution, etc. Lincoln, Neb. :
Name of publisher, distributor, etc. Order from Back to the Bible Publishers,
Date of publication, distribution, etc. [19--].
300 ## - PHYSICAL DESCRIPTION
Extent 10 v. ;
Dimensions 18 cm.
505 0# - FORMATTED CONTENTS NOTE
Formatted contents note v.1. Genesis-Leviticus -- v.2. Numbers-I Samuel -- v.3. II Samuel-Job -- v.4. Psalms -- v.5. Proverbs-Jeremiah -- v.6. Lamentations-Malachi -- v. 7. Matthew-Luke -- v.8. John-I Corinthians -- v.9. II Corinthians-Hebrews -- v. 10. James-Revelation.
630 00 - SUBJECT ADDED ENTRY--UNIFORM TITLE
Uniform title Bible
General subdivision Commentaries.
9 (RLIN) 1243
700 1# - ADDED ENTRY--PERSONAL NAME
Personal name Scott, Thomas,
Dates associated with a name 1747-1821.
9 (RLIN) 2571
942 ## - ADDED ENTRY ELEMENTS (KOHA)
Source of classification or shelving scheme Dewey Decimal Classification
Koha item type Books
Koha issues (borrowed), all copies 6
Holdings
Withdrawn status Lost status Source of classification or shelving scheme Damaged status Not for loan Home library Current Library Shelving location Date acquired Total checkouts Full call number Barcode Date last seen Copy number Price effective from Koha item type Date last checked out
    Dewey Decimal Classification     GRACE BIBLE COLLEGE GRACE BIBLE COLLEGE Biblical Studies 2018-03-29   220.7 HEN 000152 2025-05-01 v. 2018-03-29 Books  
    Dewey Decimal Classification     GRACE BIBLE COLLEGE GRACE BIBLE COLLEGE Biblical Studies 2018-03-29   220.7 HEN 000153 2025-05-01 v. 2018-03-29 Books  
    Dewey Decimal Classification     GRACE BIBLE COLLEGE GRACE BIBLE COLLEGE Biblical Studies 2018-03-29 1 220.7 HEN 000154 2025-05-01 v.3 2018-03-29 Books 2019-03-26
    Dewey Decimal Classification     GRACE BIBLE COLLEGE GRACE BIBLE COLLEGE Biblical Studies 2018-03-29 1 220.7 HEN 000155 2025-09-15 v.4 2018-03-29 Books 2025-09-10
    Dewey Decimal Classification     GRACE BIBLE COLLEGE GRACE BIBLE COLLEGE Biblical Studies 2018-03-29 2 220.7 HEN 000156 2025-05-01 v.5 2018-03-29 Books 2018-10-01
    Dewey Decimal Classification     GRACE BIBLE COLLEGE GRACE BIBLE COLLEGE Biblical Studies 2018-03-29 3 220.7 HEN 000157 2025-05-01 v.6 2018-03-29 Books 2022-11-16
    Dewey Decimal Classification     GRACE BIBLE COLLEGE GRACE BIBLE COLLEGE Biblical Studies 2018-03-29   220.7 HEN 000158 2025-05-01 v.7 2018-03-29 Books  
    Dewey Decimal Classification     GRACE BIBLE COLLEGE GRACE BIBLE COLLEGE Biblical Studies 2018-03-29   220.7 HEN 000159 2025-05-01 v. 2018-03-29 Books  
    Dewey Decimal Classification     GRACE BIBLE COLLEGE GRACE BIBLE COLLEGE Biblical Studies 2018-03-29   220.7 HEN 000160 2025-05-01 v. 2018-03-29 Books  
    Dewey Decimal Classification     GRACE BIBLE COLLEGE GRACE BIBLE COLLEGE Biblical Studies 2018-03-29   220.7 HEN 000161 2025-05-01 v.10 2018-03-29 Books  
© Grace Bible College Library 2025